MECHANICAL AND ELECTRICAL EQUIPMENT FOR BUILDINGS 7TH ED VOL I, PART 3, CHAPTER 7 TO 12 AND PART - 4 CHAPTER 13, (Record no. 861995)

MARC details
000 -LEADER
fixed length control field 00339nam a2200097Ia 4500
008 - FIXED-LENGTH DATA ELEMENTS--GENERAL INFORMATION
fixed length control field 230822s1999 xx 000 0 und d
041 ## - LANGUAGE CODE
Language code of text/sound track or separate title eng
100 ## - MAIN ENTRY--PERSONAL NAME
Personal name STEIN B. & REYNOLDS J & MCGUINNESS W
245 ## - TITLE STATEMENT
Title MECHANICAL AND ELECTRICAL EQUIPMENT FOR BUILDINGS 7TH ED VOL I, PART 3, CHAPTER 7 TO 12 AND PART - 4 CHAPTER 13,
260 ## - PUBLICATION, DISTRIBUTION, ETC.
Name of publisher, distributor, etc. NULL
Date of publication, distribution, etc. 1999

No items available.